Avoiding the negligence traps (Record no. 73528)
[ view plain ]
| 000 -LEADER | |
|---|---|
| fixed length control field | 01019cam a2200229 4500 |
| 001 - CONTROL NUMBER | |
| control field | ABS67101 |
| 008 - FIXED-LENGTH DATA ELEMENTS--GENERAL INFORMATION | |
| fixed length control field | 031002n2003 000 0 eng u |
| 035 ## - SYSTEM CONTROL NUMBER | |
| System control number | (Sirsi) u123810 |
| 100 ## - MAIN ENTRY--PERSONAL NAME | |
| Personal name | Vara, B. |
| 245 ## - TITLE STATEMENT | |
| Title | Avoiding the negligence traps |
| 260 ## - PUBLICATION, DISTRIBUTION, ETC. | |
| Date of publication, distribution, etc. | 2003 |
| 490 ## - SERIES STATEMENT | |
| Series statement | Property Week |
| Volume/sequential designation | 68(33) 22 August 2003, 34-35 (2) |
| 520 ## - SUMMARY, ETC. | |
| Summary, etc. | Looks at professional negligence cases against surveyors and property lawyers. Provides examples of recent cases handled by the authors firm. Covers the three elements that a party has to show if it wishes to sue; duty, breach and damage. Provides basic guidance and comment on a number of cases with brief commentary. |
| 590 ## - LOCAL NOTE (RLIN) | |
| Local note | ABS |
| 650 ## - SUBJECT ADDED ENTRY--TOPICAL TERM | |
| Topical term or geographic name entry element | NEGLIGENCE |
| 650 ## - SUBJECT ADDED ENTRY--TOPICAL TERM | |
| Topical term or geographic name entry element | MCKINNON AND ANOTHER V E.SURV LTD |
| 650 ## - SUBJECT ADDED ENTRY--TOPICAL TERM | |
| Topical term or geographic name entry element | MOTOR CROWN PETROLEUM LTD V S J BERWIN AND CO AND ANOTHER |
| 650 ## - SUBJECT ADDED ENTRY--TOPICAL TERM | |
| Topical term or geographic name entry element | THEODORE GODDARD V FLETCHER KING SERVICES |
| 650 ## - SUBJECT ADDED ENTRY--TOPICAL TERM | |
| Topical term or geographic name entry element | CREDIT LYONNAIS SA V RUSSELL JONES AND WALKER |
| 690 ## - LOCAL SUBJECT ADDED ENTRY--TOPICAL TERM (OCLC, RLIN) | |
| Topical term or geographic name as entry element | PROFESSIONAL PRACTICE-NEGLIGENCE-CASE LAW |
| 942 ## - ADDED ENTRY ELEMENTS (KOHA) | |
| Suppress in OPAC | 0 |
| Withdrawn status | Lost status | Source of classification or shelving scheme | Damaged status | Not for loan | Home library | Current library | Shelving location | Date acquired | Total Checkouts | Full call number | Barcode | Date last seen | Copy number | Price effective from | Koha item type |
|---|---|---|---|---|---|---|---|---|---|---|---|---|---|---|---|
| Dewey Decimal Classification | London | London | Journal article | 02/10/2003 | ABS67101 | 123810-1001 | 06/08/2019 | 1 | 06/08/2019 | Journal article |